000 00553nam a2200181Ia 4500
003 OSt
005 20260327110317.0
008 211028s2009 xx 000 0 und d
040 _cAIMIT LIBRARY
041 _aeng
082 _a658.3 DMEW
100 _aDmello, Wilston Benjamin;Dhananjaya K.
_g716058
_96196
245 _aA study on recruitment process at volvo buses India private limited Bangalore /
260 _bDhananjaya K
_c2009
600 _aHuman Resource Management
_96197
650 _aHuman Resource Management
_96198
942 _2ddc
_cPRO
999 _c218157
_d218157